[Event "Titled Tuesday intern op 21st April"]
[Site "Chess.com INT"]
[Date "2020.04.21"]
[Round "9"]
[White "Davy, Damion"]
[Black "Aditya, Mittal"]
[Result "0-1"]
[WhiteElo "2179"]
[BlackElo "2438"]
[PlyCount "84"]
[EventDate "2020.04.21"]
[EventType "swiss (blitz)"]
[EventRounds "10"]
[EventCountry "USA"]
[SourceTitle "EXT 2021"]
[Source "ChessBase"]
[SourceDate "2020.10.23"]
[SourceVersion "1"]
[SourceVersionDate "2020.10.23"]
[SourceQuality "1"]

1. e4 c5 2. Nf3 d6 3. d4 cxd4 4. Qxd4 Nc6 5. Bb5 Bd7 6. Bxc6 Bxc6 7. c4 f5 8. exf5 Qa5+ 9. Nc3 Qxf5 10. 0-0 Bxf3 11. gxf3 Nf6 12. Nb5 Qd7 13. Re1 Kf7 14. Nxa7 Qf5 15. Kg2 g5 16. Nb5 h5 17. Nc7 Rc8 18. Ne6 g4 19. f4 Bh6 20. Ng5+ Bxg5 21. fxg5 Nd7 22. g6+ Kxg6 23. Rxe7 Nf6 24. Be3 h4 25. Qf4 Rhe8 26. Qxf5+ Kxf5 27. Rxb7 Rxc4 28. Rd1 h3+ 29. Kf1 d5 30. Bd4 Ne4 31. Rf7+ Kg6 32. Rf4 Kg5 33. Rf7 Rc2 34. Rg7+ Kh6 35. Rxg4 Nd2+ 36. Kg1 Nf3+ 37. Kf1 Nxh2+ 38. Kg1 Nf3+ 39. Kh1 Rce2 40. Be3+ Kh5 41. Rg3 R8xe3 42. fxe3 Rh2# 0-1

[Event "Titled Tuesday intern op 21st April"]
[Site "Chess.com INT"]
[Date "2020.04.21"]
[Round "1"]
[White "Davy, Damion"]
[Black "Karas, Marek"]
[Result "1/2-1/2"]
[WhiteElo "2179"]
[BlackElo "2244"]
[PlyCount "129"]
[EventDate "2020.04.21"]
[EventType "swiss (blitz)"]
[EventRounds "10"]
[EventCountry "USA"]
[SourceTitle "EXT 2021"]
[Source "ChessBase"]
[SourceDate "2020.10.23"]
[SourceVersion "1"]
[SourceVersionDate "2020.10.23"]
[SourceQuality "1"]

1. e4 e6 2. d4 d5 3. Nc3 Nf6 4. Bg5 dxe4 5. Nxe4 Be7 6. Bxf6 gxf6 7. Nf3 f5 8. Nc3 a6 9. Qe2 b5 10. 0-0-0 b4 11. Na4 Bd7 12. Nc5 Bb5 13. Qe5 Bf6 14. Qe3 Qd5 15. Kb1 Nc6 16. g3 Bxf1 17. Rhxf1 a5 18. Rfe1 0-0-0 19. Qd3 Nb8 20. Re3 Be7 21. Ne5 Bxc5 22. dxc5 Qxc5 23. Qe2 Rxd1+ 24. Qxd1 Rd8 25. Qe1 f6 26. Nd3 Qb5 27. Rxe6 Nd7 28. Qh1 Kb8 29. Qf3 Nb6 30. Qc6 Qxc6 31. Rxc6 Nd5 32. Rc5 Kb7 33. Rxa5 c6 34. a3 bxa3 35. bxa3 Re8 36. Ra4 Nc3+ 37. Kb2 Nxa4+ 38. Kb3 Nb6 39. Nc5+ Kc7 40. c3 Nd5 41. Nd3 Re7 42. Kc4 Rd7 43. Nc5 Nb6+ 44. Kb4 Rd5 45. Ne6+ Kd7 46. Nf4 Rd2 47. h4 Rb2+ 48. Kc5 Rxf2 49. Nd3 Rd2 50. Kd4 Nd5 51. c4 Nc7 52. Kc3 Ne6 53. Kxd2 Kd6 54. Ke3 c5 55. Nf4 Nd4 56. Nd5 Nc2+ 57. Kd3 Nxa3 58. Nxf6 h6 59. Ng8 Ke5 60. Nxh6 f4 61. gxf4+ Kxf4 62. Nf7 Kg4 63. Nd6 Kxh4 64. Nb7 Nxc4 65. Nxc5 1/2-1/2

[Event "Titled Tuesday intern op 21st April"]
[Site "Chess.com INT"]
[Date "2020.04.21"]
[Round "7"]
[White "Ganerdene, Sugar"]
[Black "Davy, Damion"]
[Result "1/2-1/2"]
[WhiteElo "2419"]
[BlackElo "2179"]
[PlyCount "72"]
[EventDate "2020.04.21"]
[EventType "swiss (blitz)"]
[EventRounds "10"]
[EventCountry "USA"]
[SourceTitle "EXT 2021"]
[Source "ChessBase"]
[SourceDate "2020.10.23"]
[SourceVersion "1"]
[SourceVersionDate "2020.10.23"]
[SourceQuality "1"]

1. e4 e5 2. Nf3 Nc6 3. Nc3 Nf6 4. Bb5 Bb4 5. 0-0 0-0 6. d3 d6 7. Bg5 Bxc3 8. bxc3 h6 9. Bh4 Ne7 10. Bxf6 gxf6 11. Nh4 Kh7 12. d4 Ng6 13. Qh5 Nxh4 14. Qxh4 f5 15. Qh5 Qg5 16. Qf3 fxe4 17. Qxe4+ f5 18. Qe2 e4 19. f3 c6 20. Ba4 d5 21. fxe4 dxe4 22. Bb3 Bd7 23. Rae1 Rae8 24. d5 f4 25. Kh1 f3 26. gxf3 exf3 27. Qf2 Bh3 28. Rxe8 Bg2+ 29. Kg1 Rxe8 30. Rd1 Re2 31. h4 Qg4 32. Qd4 Qh3 33. Qd3+ Kg7 34. Qd4+ Kh7 35. Qd3+ Kh8 36. Qd4+ Kh7 1/2-1/2

[Event "Titled Tuesday intern op 21st April"]
[Site "Chess.com INT"]
[Date "2020.04.21"]
[Round "6"]
[White "Lu, Jason"]
[Black "Davy, Damion"]
[Result "0-1"]
[WhiteElo "2024"]
[BlackElo "2179"]
[PlyCount "126"]
[EventDate "2020.04.21"]
[EventType "swiss (blitz)"]
[EventRounds "10"]
[EventCountry "USA"]
[SourceTitle "EXT 2021"]
[Source "ChessBase"]
[SourceDate "2020.10.23"]
[SourceVersion "1"]
[SourceVersionDate "2020.10.23"]
[SourceQuality "1"]

1. e4 e5 2. Nf3 Nc6 3. Bc4 Bc5 4. c3 Nf6 5. d4 exd4 6. e5 Ne4 7. Bd3 d5 8. cxd4 Bxd4 9. Nxd4 Nxd4 10. Qa4+ Nc6 11. Bxe4 dxe4 12. Qxe4 Qd4 13. Qxd4 Nxd4 14. Na3 0-0 15. 0-0 Be6 16. Be3 Rfd8 17. Rfd1 Nf5 18. b3 Nxe3 19. fxe3 c6 20. Kf2 Kf8 21. Rd4 Rd5 22. Nc4 Rad8 23. Rad1 Ke7 24. Nd6 b6 25. e4 Rxd4 26. Rxd4 Rd7 27. Ke3 f6 28. exf6+ Kxf6 29. Ne8+ Ke7 30. Rxd7+ Bxd7 31. Nxg7 Kf6 32. Nh5+ Ke5 33. Nf4 c5 34. Nd3+ Kd6 35. e5+ Ke6 36. Kf4 Bb5 37. g3 Bxd3 38. g4 Bb1 39. a3 Ba2 40. b4 cxb4 41. axb4 a5 42. bxa5 bxa5 43. Kg5 Bb1 44. Kh6 Kxe5 45. g5 Ke6 46. h4 Kf7 47. h5 a4 48. g6+ hxg6 49. Kg5 gxh5 50. Kxh5 a3 51. Kg4 a2 52. Kf3 a1Q 53. Ke2 Qa3 54. Kd2 Bf5 55. Ke2 Qd3+ 56. Ke1 Ke6 57. Kf2 Ke5 58. Ke1 Kf4 59. Kf2 Be4 60. Kg1 Qd2 61. Kf1 Bd3+ 62. Kg1 Kg3 63. Kh1 Qe1# 0-1

[Event "JAM-ch"]
[Site "Kingston"]
[Date "2018.02.15"]
[Round "10"]
[White "Davy, Damion"]
[Black "Merritt, Kevin"]
[Result "1/2-1/2"]
[WhiteElo "2147"]
[BlackElo "2039"]
[PlyCount "78"]
[EventDate "2018.02.02"]
[EventType "tourn"]
[EventRounds "11"]
[EventCountry "JAM"]
[SourceTitle "CBM 183 Extra"]
[Source "ChessBase"]
[SourceDate "2018.04.19"]
[SourceVersion "1"]
[SourceVersionDate "2018.04.19"]
[SourceQuality "1"]

1. e4 c5 2. Nf3 d6 3. d4 cxd4 4. Nxd4 Nf6 5. Nc3 a6 6. h3 e5 7. Nde2 Be6 8. g4 Be7 9. Bg2 Nc6 10. Be3 Qa5 11. a3 b5 12. b4 Qc7 13. Nd5 Bxd5 14. exd5 Na7 15. 0-0 Nc8 16. a4 bxa4 17. Rxa4 Nb6 18. Bxb6 Qxb6 19. Qd3 0-0 20. Rfa1 Nd7 21. c3 Bh4 22. Qe3 Rfb8 23. Qxb6 Rxb6 24. Ng3 Bxg3 25. fxg3 Kf8 26. Bf1 Rc8 27. c4 Ke7 28. Rxa6 Rxb4 29. Rc6 Rcb8 30. Ra7 R8b7 31. Rxb7 Rxb7 32. Kf2 Rb2+ 33. Be2 Rb6 34. Rc7 Rb2 35. Ra7 Ke8 36. g5 f5 37. gxf6 gxf6 38. Ke1 f5 39. Bd1 Nf6 1/2-1/2

[Event "JAM-ch"]
[Site "Kingston"]
[Date "2018.02.09"]
[Round "6"]
[White "Brown, Akeem"]
[Black "Davy, Damion"]
[Result "1/2-1/2"]
[WhiteElo "1956"]
[BlackElo "2147"]
[PlyCount "65"]
[EventDate "2018.02.02"]
[EventType "tourn"]
[EventRounds "11"]
[EventCountry "JAM"]
[SourceTitle "CBM 183 Extra"]
[Source "ChessBase"]
[SourceDate "2018.04.19"]
[SourceVersion "1"]
[SourceVersionDate "2018.04.19"]
[SourceQuality "1"]

1. d4 Nf6 2. Bg5 d5 3. e3 c5 4. Bxf6 gxf6 5. dxc5 Nc6 6. c3 e6 7. Nf3 Bxc5 8. Nbd2 a6 9. g3 Ba7 10. Bg2 e5 11. Nh4 Be6 12. 0-0 Qd7 13. a4 h5 14. Qc2 Rc8 15. c4 dxc4 16. Ne4 Qe7 17. Rad1 Bb8 18. f4 Bg4 19. fxe5 Bxe5 20. Nf5 Bxf5 21. Rxf5 Nb4 22. Qe2 h4 23. Qg4 Rc6 24. Nxf6+ Bxf6 25. Bxc6+ Nxc6 26. Rxf6 Qxf6 27. Qc8+ Nd8 28. Qd7+ Kf8 29. Qxd8+ Kg7 30. Qxf6+ Kxf6 31. Rd7 hxg3 32. hxg3 Rb8 33. a5 1/2-1/2

[Event "JAM-ch"]
[Site "Kingston"]
[Date "2018.02.04"]
[Round "3"]
[White "Davy, Damion"]
[Black "Lorne, Ras Malaku"]
[Result "1/2-1/2"]
[WhiteElo "2147"]
[BlackElo "2176"]
[PlyCount "38"]
[EventDate "2018.02.02"]
[EventType "tourn"]
[EventRounds "11"]
[EventCountry "JAM"]
[SourceTitle "CBM 183 Extra"]
[Source "ChessBase"]
[SourceDate "2018.04.19"]
[SourceVersion "1"]
[SourceVersionDate "2018.04.19"]
[SourceQuality "1"]

1. e4 e5 2. Nf3 Nc6 3. d4 exd4 4. Bc4 Nf6 5. 0-0 d6 6. Nxd4 Be7 7. Nc3 0-0 8. Nxc6 bxc6 9. f4 Nd7 10. Be3 Nb6 11. Be2 f5 12. a4 a5 13. exf5 Bxf5 14. Bd3 Bxd3 15. Qxd3 d5 16. Rad1 Nc4 17. Bc1 Nb6 18. Be3 Nc4 19. Bc1 Nb6 1/2-1/2

[Event "JAM-ch"]
[Site "Kingston"]
[Date "2018.02.02"]
[Round "1"]
[White "Davy, Damion"]
[Black "Brooks, Paul"]
[Result "1-0"]
[WhiteElo "2147"]
[BlackElo "1958"]
[PlyCount "55"]
[EventDate "2018.02.02"]
[EventType "tourn"]
[EventRounds "11"]
[EventCountry "JAM"]
[SourceTitle "CBM 183 Extra"]
[Source "ChessBase"]
[SourceDate "2018.04.19"]
[SourceVersion "1"]
[SourceVersionDate "2018.04.19"]
[SourceQuality "1"]

1. e4 d5 2. exd5 Nf6 3. Nf3 Qxd5 4. Nc3 Qd6 5. d4 a6 6. g3 Bg4 7. Bg2 Nc6 8. 0-0 0-0-0 9. d5 Ne5 10. Bf4 Nxf3+ 11. Bxf3 Bxf3 12. Qxf3 e5 13. dxe6 Qxe6 14. Bg5 Bc5 15. Rae1 Qh3 16. Bxf6 gxf6 17. Ne4 Bb6 18. Qxf6 Rhg8 19. Ng5 Qg4 20. Nxf7 Rdf8 21. Re7 h5 22. Kg2 Bd4 23. Qh6 h4 24. f3 Qf5 25. Nd6+ cxd6 26. Qxd6 Qxc2+ 27. Kh3 Qc6 28. Rc1 1-0

[Event "JAM Masters-A"]
[Site "Kingston"]
[Date "2017.10.08"]
[Round "2.3"]
[White "Davy, Damion"]
[Black "Brown, Akeem"]
[Result "1/2-1/2"]
[WhiteElo "2169"]
[BlackElo "2044"]
[PlyCount "88"]
[EventDate "2017.09.30"]
[EventType "k.o."]
[EventRounds "3"]
[EventCountry "JAM"]
[SourceTitle "CBM 181 Extra"]
[Source "ChessBase"]
[SourceDate "2017.12.12"]
[SourceVersion "1"]
[SourceVersionDate "2017.12.12"]
[SourceQuality "1"]

1. e4 e6 2. d4 d5 3. Nc3 Bb4 4. e5 c5 5. a3 Bxc3+ 6. bxc3 Qc7 7. Nf3 Ne7 8. a4 0-0 9. Bd3 h6 10. 0-0 b6 11. Ba3 Ba6 12. Bb5 Rc8 13. Qe2 Bxb5 14. axb5 Nd7 15. Nd2 Qb7 16. dxc5 bxc5 17. c4 Nb6 18. cxd5 exd5 19. Nb3 Na4 20. Qg4 Qxb5 21. Bc1 Nc3 22. Bxh6 Ng6 23. Bd2 Ne4 24. e6 Qe8 25. Ra6 f6 26. Bc1 Ne5 27. Qh3 Rc6 28. Rxc6 Qxc6 29. f3 c4 30. Nd4 Qb6 31. Be3 Ng5 32. Qf5 Rf8 33. e7 Re8 34. f4 g6 35. fxe5 gxf5 36. Nxf5 Qe6 37. exf6 Qxf6 38. h4 Nf7 39. Bd4 Qg6 40. Rf3 a5 41. h5 Qg4 42. Be5 Qxf3 43. gxf3 a4 44. Ne3 Nxe5 1/2-1/2

[Event "Olympiad-42"]
[Site "Baku"]
[Date "2016.09.13"]
[Round "11.2"]
[White "Kobese, Watu"]
[Black "Davy, Damion"]
[Result "1-0"]
[WhiteElo "2350"]
[BlackElo "2117"]
[PlyCount "65"]
[EventDate "2016.09.02"]
[EventType "team-swiss"]
[EventRounds "11"]
[EventCountry "AZE"]
[SourceTitle "CBM 175"]
[Source "ChessBase"]
[SourceDate "2016.11.10"]
[SourceVersion "1"]
[SourceVersionDate "2016.11.10"]
[SourceQuality "1"]
[WhiteTeam "South Africa"]
[BlackTeam "Jamaica"]
[WhiteTeamCountry "RSA"]
[BlackTeamCountry "JAM"]

1. e4 c5 2. Nf3 e6 3. d4 cxd4 4. Nxd4 Nc6 5. Nc3 Qc7 6. Be2 a6 7. 0-0 b5 8. Nxc6 dxc6 9. a4 b4 10. Nb1 Nf6 11. Nd2 e5 12. Bc4 Be7 13. a5 0-0 14. Qe2 Rd8 15. Nb3 c5 16. Bg5 Bb7 17. Bxf6 Bxf6 18. Rad1 h6 19. f3 Be7 20. Rxd8+ Rxd8 21. Rd1 Rd6 22. Rxd6 Qxd6 23. Kf1 Qc7 24. Qd3 g6 25. Ke2 Qc8 26. Nd2 Kg7 27. Bd5 Bc6 28. Bxc6 Qxc6 29. Nc4 Bf6 30. b3 h5 31. Qd6 Qxd6 32. Nxd6 Bd8 33. Nb7 1-0

[Event "Olympiad-42"]
[Site "Baku"]
[Date "2016.09.11"]
[Round "9.2"]
[White "Maharjan, Sajin"]
[Black "Davy, Damion"]
[Result "0-1"]
[WhiteElo "2034"]
[BlackElo "2117"]
[PlyCount "112"]
[EventDate "2016.09.02"]
[EventType "team-swiss"]
[EventRounds "11"]
[EventCountry "AZE"]
[SourceTitle "CBM 175"]
[Source "ChessBase"]
[SourceDate "2016.11.10"]
[SourceVersion "1"]
[SourceVersionDate "2016.11.10"]
[SourceQuality "1"]
[WhiteTeam "Nepal"]
[BlackTeam "Jamaica"]
[WhiteTeamCountry "NEP"]
[BlackTeamCountry "JAM"]

1. e4 c5 2. Nc3 e6 3. f4 d5 4. Bb5+ Nc6 5. Nf3 dxe4 6. Nxe4 Bd7 7. 0-0 a6 8. Bxc6 Bxc6 9. Qe2 Nf6 10. Nxf6+ gxf6 11. d3 Qd5 12. Be3 0-0-0 13. a3 Rg8 14. Rad1 Be7 15. Rf2 Rg7 16. c4 Qh5 17. Ne1 Qf5 18. d4 Qe4 19. Qf3 Qf5 20. Qe2 Rdg8 21. dxc5 Bxc5 22. Bxc5 Qxc5 23. b4 Rxg2+ 24. Nxg2 Rxg2+ 25. Kf1 Rxf2+ 26. Qxf2 Qxc4+ 27. Ke1 Qe4+ 28. Kd2 Kb8 29. Kc3 Bd5 30. Qd4 Qf3+ 31. Qd3 Qxf4 32. Qg3 Qxg3+ 33. hxg3 Kc7 34. Rf1 f5 35. Rf4 h5 36. Kd4 Kd6 37. Ke3 Kc6 38. Rh4 Kb5 39. Rxh5 Ka4 40. Kd4 Kxa3 41. Kc5 b6+ 42. Kxb6 Kxb4 43. Kxa6 Kc5 44. Ka5 Kd4 45. Kb4 e5 46. Rxf5 e4 47. Rf4 Be6 48. g4 Kd3 49. g5 e3 50. Rf3 Ke4 51. Rf1 e2 52. Rh1 Kd3 53. Kc5 Kd2 54. Kd6 Bf5 55. Ke5 Bg6 56. Kd4 e1Q 0-1

[Event "Olympiad-42"]
[Site "Baku"]
[Date "2016.09.08"]
[Round "6.2"]
[White "Davy, Damion"]
[Black "Shaw, John"]
[Result "1/2-1/2"]
[WhiteElo "2117"]
[BlackElo "2454"]
[PlyCount "104"]
[EventDate "2016.09.02"]
[EventType "team-swiss"]
[EventRounds "11"]
[EventCountry "AZE"]
[SourceTitle "CBM 175"]
[Source "ChessBase"]
[SourceDate "2016.11.10"]
[SourceVersion "1"]
[SourceVersionDate "2016.11.10"]
[SourceQuality "1"]
[WhiteTeam "Jamaica"]
[BlackTeam "Scotland"]
[WhiteTeamCountry "JAM"]
[BlackTeamCountry "SCO"]

1. e4 c5 2. Nf3 d6 3. d4 cxd4 4. Nxd4 Nf6 5. Nc3 Bd7 6. Bc4 Nc6 7. Bb3 g6 8. f3 Nxd4 9. Qxd4 Bg7 10. Bg5 0-0 11. 0-0-0 h6 12. Bh4 g5 13. Be1 a5 14. a4 Be6 15. Bxe6 fxe6 16. e5 Nd7 17. Qg4 Nxe5 18. Qxe6+ Rf7 19. h4 Qc8 20. Qd5 e6 21. Qxd6 Nc4 22. Qd3 Qc5 23. Ne4 Bxb2+ 24. Kb1 Qc6 25. Bc3 Bxc3 26. Nxc3 Ne5 27. Qd4 Rc8 28. Qxe5 Rf5 29. Qe4 Qxc3 30. Qxe6+ Rf7 31. Qb3 Rc4 32. Qxc3 Rxc3 33. hxg5 hxg5 34. Rd5 g4 35. Rxa5 gxf3 36. gxf3 Rcxf3 37. Kb2 Kf8 38. Rb5 R3f4 39. Kb3 Rc7 40. Rhh5 Rf3+ 41. Kb2 Rfc3 42. Rh8+ Ke7 43. Rh7+ Kf6 44. Rxc7 Rxc7 45. Rd5 Ke6 46. Rd3 b6 47. Rc3 Ra7 48. Kb3 Kd6 49. Kb4 Ra5 50. Rd3+ Kc6 51. c4 Rh5 52. Rg3 Rh1 1/2-1/2

[Event "Bridgetown sub zt 2.3.5"]
[Site "Bridgetown"]
[Date "2016.04.30"]
[Round "4"]
[White "Davy, Damion"]
[Black "Elliott, Warren"]
[Result "0-1"]
[WhiteElo "2181"]
[BlackElo "2258"]
[PlyCount "81"]
[EventDate "2016.04.28"]
[EventType "swiss"]
[EventRounds "9"]
[EventCountry "BAR"]
[SourceTitle "CBM 172 Extra"]
[Source "ChessBase"]
[SourceDate "2016.06.21"]
[SourceVersion "1"]
[SourceVersionDate "2016.06.21"]
[SourceQuality "1"]

1. e4 c5 2. Nf3 d6 3. d4 cxd4 4. Nxd4 Nf6 5. Nc3 g6 6. Be3 Bg7 7. f3 0-0 8. Bc4 Nc6 9. Qd2 Bd7 10. h4 Rc8 11. Bb3 h5 12. 0-0-0 Ne5 13. Bg5 Rc5 14. Kb1 b5 15. Bxf6 Bxf6 16. Nd5 Bg7 17. g4 e6 18. Ne3 Nc4 19. Bxc4 bxc4 20. gxh5 Rxh5 21. Nxc4 Qc7 22. Ne3 Rb8 23. Nb3 Rb6 24. f4 a5 25. e5 a4 26. Na5 d5 27. c4 Ra6 28. b4 axb3 29. Nxb3 Ba4 30. cxd5 Bxb3 31. axb3 Qb7 32. Kb2 Qa7 33. Ra1 Rxe5 34. fxe5 Bxe5+ 35. Kc2 Bxa1 36. Kd3 exd5 37. h5 Qd4+ 38. Ke2 Qe4 39. Rg1 d4 40. hxg6 fxg6 41. Ke1 0-1

[Event "Caracas ITT 1st"]
[Site "Caracas"]
[Date "2015.12.02"]
[Round "5"]
[White "Gascon del Nogal, Jose Rafael"]
[Black "Davy, Damion"]
[Result "1-0"]
[WhiteElo "2397"]
[BlackElo "2217"]
[PlyCount "31"]
[EventDate "2015.11.28"]
[EventType "tourn"]
[EventRounds "9"]
[EventCountry "VEN"]
[SourceTitle "CBM 170 Extra"]
[Source "ChessBase"]
[SourceDate "2016.02.25"]
[SourceVersion "1"]
[SourceVersionDate "2016.02.25"]
[SourceQuality "1"]

1. e4 c5 2. Nf3 e6 3. d4 cxd4 4. Nxd4 Nc6 5. Nc3 Qc7 6. Be2 a6 7. 0-0 b5 8. Nxc6 dxc6 9. Be3 Bb7 10. f4 c5 11. f5 b4 12. fxe6 fxe6 13. Nb5 Qb6 14. Rxf8+ Kxf8 15. Qd7 Nf6 16. Rf1 1-0

[Event "Caracas ITT 1st"]
[Site "Caracas"]
[Date "2015.12.02"]
[Round "6"]
[White "Pinero Rodriguez, Carlos Jose"]
[Black "Davy, Damion"]
[Result "1-0"]
[WhiteElo "2252"]
[BlackElo "2217"]
[PlyCount "103"]
[EventDate "2015.11.28"]
[EventType "tourn"]
[EventRounds "9"]
[EventCountry "VEN"]
[SourceTitle "CBM 170 Extra"]
[Source "ChessBase"]
[SourceDate "2016.02.25"]
[SourceVersion "1"]
[SourceVersionDate "2016.02.25"]
[SourceQuality "1"]

1. e4 c5 2. Nf3 Nc6 3. g3 g6 4. Bg2 Bg7 5. 0-0 d6 6. c3 e5 7. Na3 Nge7 8. Nc2 0-0 9. d4 exd4 10. cxd4 cxd4 11. Ncxd4 Nxd4 12. Nxd4 d5 13. Bg5 dxe4 14. Nb5 Bd7 15. Nd6 Bc6 16. Bxe4 h6 17. Bxc6 bxc6 18. Bc1 Qd7 19. Nc4 Qe6 20. Qc2 Nf5 21. Be3 Bd4 22. Rae1 Bxe3 23. fxe3 Rfe8 24. e4 Nd4 25. Qc1 Re7 26. b3 Qg4 27. Qe3 Rd8 28. Rf4 Qg5 29. Qf2 Ne6 30. Rf3 Nc5 31. Qc2 f5 32. e5 Ne4 33. Rd3 Red7 34. Red1 Rxd3 35. Rxd3 Rxd3 36. Qxd3 Qc1+ 37. Kg2 Qh1+ 38. Kxh1 Nf2+ 39. Kg2 Nxd3 40. Kf3 c5 41. Ke3 Nb4 42. Nd6 Kf8 43. Nb7 Na6 44. Kf4 Ke7 45. h4 Ke6 46. Nd8+ Kd5 47. h5 gxh5 48. Kxf5 Nc7 49. e6 Ne8 50. Kg6 Kd6 51. Kf7 Nc7 52. e7 1-0

[Event "Caracas ITT 1st"]
[Site "Caracas"]
[Date "2015.11.30"]
[Round "1"]
[White "Palomo, Franklin Annervys"]
[Black "Davy, Damion"]
[Result "1-0"]
[WhiteElo "2260"]
[BlackElo "2217"]
[PlyCount "85"]
[EventDate "2015.11.28"]
[EventType "tourn"]
[EventRounds "9"]
[EventCountry "VEN"]
[SourceTitle "CBM 170 Extra"]
[Source "ChessBase"]
[SourceDate "2016.02.25"]
[SourceVersion "1"]
[SourceVersionDate "2016.02.25"]
[SourceQuality "1"]

1. e4 c5 2. Nf3 e6 3. d4 cxd4 4. Nxd4 Nc6 5. Nb5 d6 6. Bf4 e5 7. Be3 Nf6 8. N5c3 Be6 9. Be2 Be7 10. 0-0 0-0 11. f3 d5 12. exd5 Nxd5 13. Nxd5 Bxd5 14. c3 Be6 15. Kh1 Qc7 16. Nd2 Rfd8 17. Qe1 Bf5 18. Qg3 Bd3 19. Rfe1 Bf8 20. f4 Bxe2 21. Rxe2 Bd6 22. f5 f6 23. Ne4 Kh8 24. Qg4 Bf8 25. Rf2 Rd3 26. Rf3 Ne7 27. Rh3 Nd5 28. Qg6 h6 29. Re1 Nxe3 30. Rexe3 Rxe3 31. Rxe3 Qb6 32. Re2 Rd8 33. h3 Rd1+ 34. Kh2 Qg1+ 35. Kg3 Rd3+ 36. Kh4 Re3 37. Qg4 Rxe2 38. Qxe2 Qc1 39. g3 g5+ 40. Kh5 Qh1 41. Kg6 Qg1 42. Qc4 Qb6 43. Qf7 1-0

[Event "Olympiad-41"]
[Site "Tromsoe"]
[Date "2014.08.03"]
[Round "2.1"]
[White "Davy, Damion"]
[Black "Al Hajiri, Bader"]
[Result "1-0"]
[WhiteElo "2164"]
[BlackElo "2123"]
[PlyCount "97"]
[EventDate "2014.08.02"]
[EventType "team-swiss"]
[EventRounds "11"]
[EventCountry "NOR"]
[SourceTitle "CBM 162"]
[Source "ChessBase"]
[SourceDate "2014.09.17"]
[SourceVersion "1"]
[SourceVersionDate "2014.09.17"]
[SourceQuality "1"]
[WhiteTeam "Jamaica"]
[BlackTeam "Kuwait"]
[WhiteTeamCountry "JAM"]
[BlackTeamCountry "KUW"]

1. e4 e5 2. Nf3 Nc6 3. Bc4 Nf6 4. d3 d5 5. exd5 Nxd5 6. h3 Bc5 7. 0-0 0-0 8. Re1 Kh8 9. Nxe5 Nxe5 10. Rxe5 Bxf2+ 11. Kxf2 Qf6+ 12. Qf3 Qxe5 13. Qxd5 Qf6+ 14. Qf3 Qd4+ 15. Kf1 Be6 16. Qf2 Qe5 17. Nd2 Rae8 18. Nf3 Qf6 19. Bb3 h6 20. Be3 b6 21. Bd4 Qg6 22. Re1 c5 23. Bc3 Bxb3 24. axb3 f6 25. Nh4 Qf7 26. Nf5 Rxe1+ 27. Bxe1 Qe6 28. g4 Re8 29. Bc3 Qd5 30. Ng3 b5 31. Kg1 b4 32. Bd2 Qe5 33. Ne4 c4 34. Qc5 cxd3 35. Qxe5 Rxe5 36. cxd3 Rd5 37. Nf2 a5 38. Kf1 h5 39. Ke2 hxg4 40. hxg4 Kh7 41. Be3 f5 42. g5 Kg6 43. Kf3 Rd6 44. d4 Rc6 45. Nd3 Rc2 46. Kf4 Rg2 47. d5 Rg4+ 48. Kf3 Re4 49. d6 1-0

[Event "JAM-ch"]
[Site "Kingston"]
[Date "2014.05.10"]
[Round "10"]
[White "Davy, Damion"]
[Black "Lorne, Ras Malaku"]
[Result "1/2-1/2"]
[WhiteElo "2173"]
[BlackElo "2073"]
[PlyCount "97"]
[EventDate "2014.04.25"]
[EventType "tourn"]
[EventRounds "11"]
[EventCountry "JAM"]
[SourceTitle "CBM 160 Extra"]
[Source "ChessBase"]
[SourceDate "2014.07.01"]
[SourceVersion "1"]
[SourceVersionDate "2014.07.01"]
[SourceQuality "1"]

1. e4 d5 2. exd5 Nf6 3. Nf3 Qxd5 4. Nc3 Qd6 5. d4 a6 6. g3 b5 7. Bg2 Bb7 8. 0-0 e6 9. Bf4 Qb6 10. a4 Bd6 11. a5 Qa7 12. Be5 Nbd7 13. Qd2 0-0 14. Rfe1 Rac8 15. Qf4 Qb8 16. g4 Nd5 17. Nxd5 Bxd5 18. Qe3 c5 19. Bxd6 Qxd6 20. c3 Rfd8 21. dxc5 Rxc5 22. Rad1 Rc4 23. h3 Rcc8 24. Ng5 Nf6 25. Ne4 Nxe4 26. Bxe4 Qc5 27. Rd4 g6 28. Red1 Qc7 29. Bxd5 Rxd5 30. Rxd5 exd5 31. Rxd5 Qxa5 32. Qd2 Qc7 33. Qd4 Re8 34. h4 Qe7 35. h5 Qe4 36. Rd8 Qe1+ 37. Kg2 Rxd8 38. Qxd8+ Kg7 39. Qd4+ f6 40. g5 Qe5 41. gxf6+ Kxf6 42. hxg6 hxg6 43. f4 Qxd4 44. cxd4 Ke6 45. Kf3 Kd5 46. Ke3 a5 47. Kd3 Kd6 48. Kc3 Kd5 49. Kd3 1/2-1/2

[Event "JAM-ch"]
[Site "Kingston"]
[Date "2014.05.07"]
[Round "8"]
[White "Wisdom, Daren"]
[Black "Davy, Damion"]
[Result "1/2-1/2"]
[WhiteElo "1974"]
[BlackElo "2173"]
[PlyCount "31"]
[EventDate "2014.04.25"]
[EventType "tourn"]
[EventRounds "11"]
[EventCountry "JAM"]
[SourceTitle "CBM 160 Extra"]
[Source "ChessBase"]
[SourceDate "2014.07.01"]
[SourceVersion "1"]
[SourceVersionDate "2014.07.01"]
[SourceQuality "1"]

1. e4 c5 2. Nf3 e6 3. d4 cxd4 4. Nxd4 Nc6 5. Nc3 Qc7 6. Be3 a6 7. Be2 Nf6 8. 0-0 Bb4 9. f3 d5 10. exd5 exd5 11. Nxc6 bxc6 12. Qd4 Bd6 13. Qh4 Be7 14. Qd4 Bd6 15. Qh4 Be7 16. Qd4 1/2-1/2

[Event "Port of Spain Sub zt 2.3.5"]
[Site "Port of Spain"]
[Date "2014.03.30"]
[Round "6"]
[White "Munro, Allan"]
[Black "Davy, Damion"]
[Result "1/2-1/2"]
[WhiteElo "2086"]
[BlackElo "2173"]
[PlyCount "31"]
[EventDate "2014.03.27"]
[EventType "swiss"]
[EventRounds "9"]
[EventCountry "TRI"]
[SourceTitle "EXT 2023"]
[Source "ChessBase"]
[SourceDate "2022.10.05"]
[SourceVersion "1"]
[SourceVersionDate "2022.10.05"]
[SourceQuality "1"]

1. e4 c5 2. Nf3 e6 3. d4 cxd4 4. Nxd4 Nc6 5. Nc3 Qc7 6. Be3 a6 7. Be2 Nf6 8. 0-0 Bb4 9. f3 d5 10. exd5 exd5 11. Nxc6 bxc6 12. Qd4 Bd6 13. Qh4 Be7 14. Qf4 Bd6 15. Qh4 Be7 16. Qf4 1/2-1/2

[Event "Kingston Wheeler op"]
[Site "Kingston"]
[Date "2013.05.25"]
[Round "3"]
[White "Davy, Damion"]
[Black "Hinds, Nathan"]
[Result "1-0"]
[WhiteElo "2162"]
[BlackElo "1895"]
[PlyCount "51"]
[EventDate "2013.05.25"]
[EventType "swiss"]
[EventRounds "5"]
[EventCountry "JAM"]
[SourceTitle "EXT 2015"]
[Source "ChessBase"]
[SourceDate "2014.11.20"]
[SourceVersion "1"]
[SourceVersionDate "2014.11.20"]
[SourceQuality "1"]

1. e4 d6 2. d4 Nd7 3. Nc3 e5 4. Nf3 Ngf6 5. h3 c6 6. a4 Be7 7. Be3 Qa5 8. Qd2 exd4 9. Nxd4 Nc5 10. Bd3 Be6 11. 0-0 Nxd3 12. cxd3 Qh5 13. Nce2 g5 14. Ng3 Qg6 15. Bxg5 Rg8 16. f4 Bd7 17. Ndf5 Bf8 18. Qc3 h6 19. Nh4 Qg7 20. Ngf5 Bxf5 21. Bxf6 Qg3 22. Rf3 Qxf3 23. Nxf3 Bxh3 24. Nh4 Kd7 25. Kh2 Bg4 26. Qb3 1-0